Loading...
| Current Events | 5 | 16.00 | 100% | 40% | 20% |
| Fine Arts - Classical Music | 5 | 18.00 | 40% | 40% | 100% |
| Fine Arts - Other | 7 | 15.71 | 57% | 57% | 43% |
| Fine Arts - Painting & Sculpture | 6 | 11.67 | 50% | 33% | 33% |
| Geography | 3 | 10.00 | 33% | 67% | 0% |
| History - American | 8 | 12.50 | 63% | 38% | 25% |
| History - European | 5 | 8.00 | 60% | 20% | 0% |
| History - Other | 9 | 13.33 | 67% | 22% | 44% |
| History - World | 6 | 20.00 | 50% | 67% | 83% |
| Literature - American | 8 | 12.50 | 63% | 13% | 50% |
| Literature - British | 10 | 16.00 | 60% | 60% | 40% |
| Literature - European | 8 | 15.00 | 63% | 50% | 38% |
| Literature - World | 8 | 18.75 | 63% | 75% | 50% |
| Mythology | 3 | 16.67 | 67% | 0% | 100% |
| Other Academic | 5 | 16.00 | 40% | 80% | 40% |
| Philosophy | 7 | 11.43 | 43% | 57% | 14% |
| Religion | 9 | 18.89 | 67% | 78% | 44% |
| Science - Biology | 8 | 15.00 | 63% | 25% | 63% |
| Science - Chemistry | 9 | 14.44 | 67% | 33% | 44% |
| Science - Other | 7 | 15.71 | 43% | 57% | 57% |
| Science - Physics | 10 | 13.00 | 60% | 30% | 40% |
| Social Science | 9 | 14.44 | 33% | 44% | 67% |